000 00828cam a22002651 4500
001 sa 64001558
003 DLC
005 20260227112003.0
008 870805s1963 pk 000 0 eng
010 _asa 64001558
025 _aPL480:P-E-375
035 _a(OCoLC)16393389
040 _aDLC
_cWaU
_dDLC
041 0 _aengsnd
042 _apremarc
050 0 0 _aPK2788.9.A2
_bS625
100 1 _aHotchand, Tirithdas.
245 0 0 _aShah Abdul Latif's immortal song: the Song of Kinjhar Lake.
250 _a[1st ed.]
260 _aHyderabad,
_aSind,
_bPardeep Publications
_c[1963]
300 _a127 p.
_c19 cm.
490 0 _aPardeep publication,
_vno. 3
500 _aIncludes text of the song in English and Sindhi.
600 1 0 _aʻAbd al-Laṭīf,
_cShah,
_dapproximately 1689-approximately 1752.
_tSong of Kinjhar Lake.
999 _c56804
_d56804